| 000 | 01136nac a22003011i 4500 | ||
|---|---|---|---|
| 003 | EG-ScBUE | ||
| 005 | 20240331124251.0 | ||
| 008 | 240331s2006 ua ab f b 001 0 eng d | ||
| 020 | _a9774160401 | ||
| 020 | _a9789774160400 | ||
| 040 |
_aEG-ScBUE _beng _erda _cEG-ScBUE _dEG-ScBUE |
||
| 043 | _af-ua--- | ||
| 082 | 0 | 4 |
_a932.022 _bTYL _222 |
| 100 | 1 |
_aTyldesley, Joyce, _eauthor. |
|
| 245 | 1 | 4 |
_aThe complete queens of Egypt : _bfrom early dynastic times to the death of Cleopatra / _cJoyce Tyldesley. |
| 264 | 1 |
_aCairo : _bThe American University in Cairo Press, _c2006. |
|
| 300 |
_a224 pages : _billustrations (some color), color maps ; _c26 cm |
||
| 336 |
_2rdacontent _atext _btxt |
||
| 337 |
_aunmediated _2rdamedia _bn |
||
| 338 |
_avolume _bnc _2rdacarrier |
||
| 500 | _a"This edition published by arrangement with Thames & Hudson Ltd. London." | ||
| 504 | _aIncludes bibliographical references and index. | ||
| 600 | 1 | 7 |
_aCleopatra, _cQueen of Egypt, _d-30 B.C. _2BUEsh |
| 650 | 7 |
_aQueens _zEgypt _vBiography. _2BUEsh |
|
| 651 | 7 |
_2BUEsh _aEgypt _xHistory. |
|
| 651 | 7 |
_2BUEsh _aEgypt _xAntiquities. |
|
| 942 |
_cBB _2ddc |
||
| 999 |
_c9012 _d9012 |
||